| Tag |
First Indicator |
Second Indicator |
Subfields |
| LEADER |
00000cam a2200000 a 4500 |
| 001 |
in00000001350 |
| 005 |
20151007050415.0 |
| 008 |
980915s1998 ksuab b f000 0 eng d |
| 035 |
|
|
|a (OCoLC)39869521
|
| 035 |
|
|
|9 AJB2811AM
|
| 040 |
|
|
|d GPO
|d DLC
|d MvI
|d UtOrBLW
|
| 043 |
|
|
|a n-us-ks
|
| 049 |
|
|
|a UDOC
|
| 074 |
|
|
|a 0624-B
|
| 086 |
0 |
|
|a I 19.42/4:98-4141
|
| 100 |
1 |
|
|a Aucott, Walter R.
|
| 245 |
1 |
0 |
|a Changes in ground-water levels and storage in the Wichita well field area, south-central Kansas, 1940-98 /
|c by Walter R. Aucott and Nathan C. Myers ; prepared in cooperation with the City of Wichita, Kansas.
|
| 246 |
2 |
|
|a Changes in ground water levels and storage in the Wichita well field area, south-central Kansas, 1940-98
|
| 264 |
|
1 |
|a Lawrence, Kan. :
|b U.S. Dept. of the Interior, U.S. Geological Survey ;
|c 1998.
|
| 264 |
|
2 |
|a Denver, CO :
|b Information Services [distributor],
|
| 300 |
|
|
|a iv, 20 pages :
|b color illustrations, color maps ;
|c 28 cm.
|
| 336 |
|
|
|a text
|b txt
|2 rdacontent
|
| 337 |
|
|
|a unmediated
|b n
|2 rdamedia
|
| 338 |
|
|
|a volume
|b nc
|2 rdacarrier
|
| 490 |
1 |
|
|a Water-resources investigations report ;
|v 98-4141
|
| 500 |
|
|
|a Shipping list number: 98-0355-P.
|
| 504 |
|
|
|a Includes bibliographical references (page 20).
|
| 650 |
|
0 |
|a Water table
|z Kansas
|z Wichita.
|
| 650 |
|
0 |
|a Groundwater
|z Kansas
|z Wichita.
|
| 650 |
|
0 |
|a Water consumption
|z Kansas
|z Wichita.
|
| 700 |
1 |
|
|a Myers, Nathan C.
|
| 710 |
1 |
|
|a Wichita (Kan.)
|
| 710 |
2 |
|
|a Geological Survey (U.S.)
|
| 830 |
|
0 |
|a Water-resources investigations report ;
|v 98-4141.
|
| 999 |
|
|
|a MARS
|
| 999 |
f |
f |
|s be225740-a418-3294-8dae-abf9bd819e91
|i bdc6a4fc-32df-3923-abbd-d6d2c729385a
|t 0
|
| 952 |
f |
f |
|p normal
|a Texas A&M University
|b College Station
|c Sterling C. Evans Library
|d Evans: US Documents (Annex 5th floor)
|t 0
|e I 19.42/4:98-4141
|h Superintendent of Documents classification
|i unmediated -- volume
|m A14820686019
|
| 998 |
f |
f |
|a I 19.42/4:98-4141
|t 0
|l Evans: US Documents (Annex 5th floor)
|